Algebra a pravdepodobnosť

Enregistré dans:
Détails bibliographiques
Auteur principal: Taňkoš, Jakub (Auteur)
Autres auteurs: Nánásiová, Oľga (Directeur de thèse)
Format: Manuscrit Livre
Langue:slovaque
Publié: Bratislava : STU v Bratislave FEI, 2025
Sujets:
Accès en ligne:https://opac.crzp.sk/?fn=detailBiblioFormChildEBAGQ9&sid=BA75C2D62745AD5726EE969ED92F&seo=CRZP-detail-kniha
Tags: Ajouter un tag
Pas de tags, Soyez le premier à ajouter un tag!

MARC

LEADER 00000ntm a22000003a 4500
001 stuzp91837
003 SK-STU
005 20260127153347.1
007 ta
008 150427s2015----xo-----f-mn---000-0-slo-d
040 |a STU  |b slo 
041 0 |a slo 
044 |a xo 
100 1 |a Taňkoš, Jakub  |u 035000  |4 aut  |U FEI Fakulta elektrotechniky a informatiky  |T FEI Ústav informatiky a matematiky  |X 111468  |U E050  |Y 816  |7 111468 
242 0 1 |a Algebra and probability  |y eng 
245 1 0 |a Algebra a pravdepodobnosť 
260 |a Bratislava :  |b STU v Bratislave FEI,  |c 2025 
300 |a 51 s. 
650 4 |a algebra  |2 slo 
650 4 |a pravdepodobnosť  |2 slo 
650 4 |a Boolova algebra  |2 slo 
650 4 |a probability  |2 eng 
650 4 |a Boolean algebra  |2 eng 
650 4 |a algebra  |2 eng 
700 1 |a Nánásiová, Oľga  |u 035000  |k Z1  |4 ths  |U FEI Fakulta elektrotechniky a informatiky  |T FEI Ústav informatiky a matematiky  |X 733  |U E050  |Y 816  |7 A000000733 
856 4 |u https://opac.crzp.sk/?fn=detailBiblioFormChildEBAGQ9&sid=BA75C2D62745AD5726EE969ED92F&seo=CRZP-detail-kniha